000 02322nam a2200337 a 4500
001 000000840
003 DO-SdBNP
005 20251211102720.0
008 090529s2005 dr 000 0 spa d
040 _aDO-SdBNP
_bspa
_cBNPHU
082 _a320.6
_bP912n
100 1 _aPrats Catalá, Joan,
_d1942-
_92975
245 1 0 _aNuevos horizontes de la reforma del Estado :
_bla política y la reforma del Estado ante los desafíos de la globalización, la desigualdad y la democratización /
_cJoan Prats Catalá ; prólogo Marcos Villamán.
260 _aSanto Domingo :
_bCONARE,
_c2005.
300 _a85 p. ;
_c22 cm.
490 0 _aCuadernillos de la reforma.
500 _aIncluye referencias biográficas del autor.
505 0 _aPrólogo / Marcos Villamán. -- Transformaciones del Estado y la política en la globalización -- Cambios en la estructura y el rol del Estado -- Fortalecer la capacidad de acción exterior de los estados -- Globalización y reforma del Estado en América Latina -- Veinticinco años de transformaciones administrativas -- Transformaciones a nivel general y sus ideas inspiradoras -- Transformaciones en América Latina. El contexto general: el consenso de Washington -- Sumario del consenso de Washington de 1989 -- ¿Esfuerzos sin premio? -- Reformas administrativas e indicadores de desarrollo institucional -- El fracaso de la cooperación internacional: buscando el porqué -- Nuevos horizontes de la reforma del Estado y la cooperación internacional -- Partir de la desigualdad como dato estructural -- La política necesaria: concepto, defensa y elogio de la política -- Entendiendo las dificultades de la democracia en América Latina -- Nuevos planteamientos para la cooperación.
590 _aInventariado, 2018/ YL
650 4 _aReforma del Estado
_92976
650 0 _aGlobalización
_91524
650 4 _aDesigualdad social
_xAmérica Latina
_92977
650 0 _aDemocracia
_xAmérica Latina
_9286
651 0 _aAmérica Latina
_xPolítica y gobierno
_94092
651 0 _aAmérica Latina
_xAdministración pública
_94092
700 1 _aVillamán, Marcos,
_epról.
_9760
710 1 _aRepública Dominicana. Consejo Nacional de Reforma del Estado
_964396
830 0 _aCuadernillos de la reforma.
_92981
910 _aValidado. Control de calidad EMS
942 _2ddc
_cLBS1
999 _c836
_d836